000 00340 a2200169 4500
001 165337
020 _a85-85672-25-0
040 _cMagnum
100 _aQueiros, Bartolomeu Campos
240 1 0 _aIndez
_lpor
245 1 0 _aIndez
300 _a85
362 0 _a2003
440 1 _aMiguilim
697 _aLITERATURA JUVENIL
942 _cBK
999 _c165337
_d165337